000
00344nam a2200145Ia 4500
005
20241105005042.0
008
240331s9999 xx 000 0 und d
082
_b
FOR
_a
823
100
_a
Forster, E.M
245
2
_a
A passage to India
260
_a
New Zealand
_b
Penguin Books Ltd
_c
1978
300
_a
335 p .,
650
_a
Novel
942
_c
L
999
_c
3341
_d
3341